| 000 | 00434 a2200145 4500 | ||
|---|---|---|---|
| 003 | OSt | ||
| 005 | 20180116182630.0 | ||
| 008 | 160518b xxu||||| |||| 00| 0 eng d | ||
| 040 | _c0 | ||
| 082 | _a658.5 HUD | ||
| 100 | _aDR. Z. HUDA | ||
| 245 |
_aPRODUCTION TECHNOLOGY AND INDUSTRIAL MANAGEMENT _bMIS,TQM, ISO 9000 AND COST ACCOUNTING. |
||
| 260 |
_aHUDA ENGINEERING AND MANAGEMENT PAKISTAN _c1998 |
||
| 942 |
_aNBS _cBK _k658.5 HUD _2ddc |
||
| 999 |
_c343084 _d343084 |
||